Astronomia #1: Planety karłowate -Quiz wielokrotnego wyboru - Statystyki

Ogólne statystyki
  • Ten quiz został rozwiązany 20 razy
  • Średni wynik to 8 z 15
Statystyki odpowiedzi
Zagadnienie Odpowiedź % Poprawnych
W sierpniu 2006 roku które z wymienionych ciał niebieskich zostało "zdegradowane" do poziomu planety karłowatej? Pluton
100%
Którą parę wymienionych ciał niebieskich co raz więcej astronomów uważa za krążące między sobą dwie planety karłowate zamiast planetę karłowatą i księżyc? Pluton i Charon
81%
Zakrzywione eliptyczne orbity obiektów transneptuńskich mogą świadczyć o istnieniu jeszcze nieodkrytej planety. Prawda
75%
Która z tych planet karłowatych znajduje się w polu asteroid między Marsem a Jowiszem i tym samym nie jest obiektem transneptuńskim? Ceres
69%
Jaką nazwę miała satelita która wykonała zdjęcia Plutona w 2015 roku? New Horizons
69%
Jak nazywa się rejon naszego układu słonecznego w którym znajdują się wszystkie wyżej wymienione ciała niebieskie? Pas Kuipera
69%
Która z wymienionych planet karłowatych ze względu na swój szybki obrót wokół własnej osi została mocno spłaszczona na biegunach. Haumea
63%
Które z poniżej wymienionych warunków nie spełniają planety karłowate by być klasyfikowane jako planety? Nie mają oczyszczonej orbity z innych obiektów.
63%
W którym roku dokonano odkrycia Plutona? 1930
50%
Tombaugh Regio, jasna i gładka struktura na księżycu posiada kształt zbliżony do: "Walentynkowego" serca
50%
Haumea pomimo swoich niewielkich rozmiarów posiada pewną cechę którą przypisywano jedynie planetą, jaką? Posiada pierścienie.
44%
Szczególną cechą księżyca planety karłowatej Makemake nazwanego MK2 jest: Wyjątkowo ciemna powierzchnia
38%
Eris jest najjaśniejszym transneptuńskim obiektem. Ile procent światła słonecznego jest odbijana przez powierzchnię tej planety karłowatej? 96%
31%
Większość nazw formacji geologicznych na Charonie wzięło swoją nazwę od: Popkultury w tym z postaci sci-fi , książek fantasy itp.
31%
Ile trwa ruch obiegowy wokół słońca planety karłowatej Sedna? 11400 lat
13%
Nie znaleziono quizów pasujących do podanych kryteriów
Rozkład punktacji
Procent ludzi z każdym wynikiem
Percentyl według liczby udzielonych odpowiedzi
Twoja historia wyników
Nie rozwiązałeś tego quizu